Factors in Business Investment Papers of a Conference Held at the Science Centre, Berlin, Research Area "Labour Market and Employment", September 1987

Uložené v:
Podrobná bibliografia
Ďalší autori: Funke, Michael
Médium: Kniha
Jazyk:English
Vydavateľské údaje: Berlin Springer 1989
Vydanie:1. ed.
Tagy: Pridať tag
Žiadne tagy, Buďte prvý, kto otaguje tento záznam!

MARC

LEADER 00000nam a2200000 4500
001 c034941
005 20221215113747.6
041 0 |a eng 
044 |a DE 
245 1 0 |a Factors in Business Investment  |b Papers of a Conference Held at the Science Centre, Berlin, Research Area "Labour Market and Employment", September 1987  |c Edit. Michael Funke 
250 |a 1. ed. 
264 1 |a Berlin  |b Springer  |c 1989 
300 |a 263 s. 
700 1 |a Funke, Michael